Sports - Statystyki

Ogólne statystyki
  • Ten quiz został rozwiązany 10 razy
  • Średni wynik to 20 z 37
Statystyki odpowiedzi
Hint Odpowiedź % Poprawnych
badminton das Badminton
100%
hokej das Hockey
100%
koszykówka der Basketball
100%
piłka nożna der Fußball
100%
skok wzwyż der Hochsprung
100%
boks das Boxen
75%
jazda na lodzie das Eislaufen
75%
szermierka das Fechten
75%
karate das Karate
75%
wspinanie się das Klettern
75%
bieganie das Laufen
75%
piłka ręczna der Handball
75%
aerobik das Aerobic
50%
jogging das Jogging
50%
gra w kręgle das Kegeln
50%
trening siłowy das Krafttraining
50%
kajakarstwo das Paddeln
50%
jeździectwo das Reiten
50%
jazda na rolkach das Rollschuhfahren
50%
pływanie das Schwimmen
50%
jazda na nartach das Skilaufen
50%
jazda na snowboardzie das Snowboarden
50%
tenis das Tennis
50%
siatkówka der Volleyball
50%
piłka wodna der Wasserball
50%
gimnastyka die Gymnastik
50%
lekkoatletyka die Leichathletik
50%
jazda na hulajnodze das Rollerfahren
25%
jazda na sankach das Schlittenfahren
25%
żeglarstwo das Segeln
25%
jazda na deskorolce das Skateboardfahren
25%
skoki narciarskie das Skispringen
25%
nurkowanie das Tauchen
25%
wędrowanie das Wandern
25%
kolarstwo der Radsport
25%
jazda na łyżwach das Schlittschuhlaufen
0%
skoki w dal der Weltsprung
0%
Nie znaleziono quizów pasujących do podanych kryteriów
Rozkład punktacji
Procent ludzi z każdym wynikiem
Percentyl według liczby udzielonych odpowiedzi
Twoja historia wyników
Nie rozwiązałeś tego quizu